000 00546nam a2200205 a 4500
001 62617
003 BD-RjUL
005 20211209081114.0
008 170124s2010 bg i10000 eng d
035 _a(BD-RjUL)62743
040 _aANL
_beng
_dBD-RjUL
_cBD-RjUL
041 _aeng
082 0 _a370.95
_223
_bKHE 2010
100 _aKhaleque, Abdul
_9176518
245 1 0 _aEducational reforms /
_cAbdul Khaleque
260 _aDhaka :
_bAbdul Khaleque,
_c2010.
300 _a40 p. ;
_c24 cm.
650 _aEducation
_zAsia.
_9181934
942 _2ddc
_cBK
999 _c62617
_d62617